| 000 | 00631nam a2200193 i 4500 | ||
|---|---|---|---|
| 001 | 184625 | ||
| 003 | ES-MaACL | ||
| 005 | 20230906222236.0 | ||
| 008 | 151027s1941 sp |||| | spa d | ||
| 100 | 0 |
_aLeturia, Pedro de. _971894 |
|
| 245 | 1 | 3 |
_aEl gentilhombre Iñigo López de Loyola / _cpor el P. Pedro Leturia. |
| 260 |
_aBarcelona : _bLabor, _c1941. |
||
| 300 |
_a283 p. : _b8 lám. ; _c19 cm. |
||
| 490 | 1 |
_aColección pro Ecclesia et Patria ; _v20 |
|
| 600 | 0 | 4 |
_aIgnacio de Loyola _c, Santo. _965147 |
| 830 | 0 |
_aColección pro Ecclesia et Patria ; _v20 _9192193 |
|
| 852 |
_aES-MaACL _jC-29153 |
||
| 999 |
_c184625 _d184625 |
||